Hotel Transylvania Quiz - Statistics

General Stats
  • This quiz has been taken 951 times
  • The average score is 5 of 13
Answer Stats
Hint Answer % Correct
1. Who is Count Dracula's daughter? Mavis
98%
3. What was the name of Count Dracula's wife? Martha
53%
9. How old is Count Dracula's daughter? 118
51%
10. How old is the human? 21
46%
6. What was the name of Wayne the Werewolf's daughter? Winnie
42%
13. What color is Count Dracula's eyes? Blue
41%
2. Who is Count Dracula's chef? Quasimodo
36%
7. What the name of Wayne the Werewolf's wife? Wanda
34%
8. Who was the human that entered the hotel? Jonathan
30%
5. Who was Frankenstein's wife's name? Eunice
24%
4. What year was Hotel Transylvania opened? 1898
21%
11. How many times was the lady skeleton bothered? Twice
15%
12. Which composer was the fat zombie? Bach
12%
No matching quizzes found
Score Distribution
Percent of People with Each Score
Percentile by Number Answered
Your Score History
You have not taken this quiz